UITU Library & LRC     

Programmable Logic Controller Laboratory Manual (Record no. 13748)

MARC details
000 -LEADER
fixed length control field 00513nam a2200181Ia 4500
008 - FIXED-LENGTH DATA ELEMENTS--GENERAL INFORMATION
fixed length control field 240925s9999 xx 000 0 und d
020 ## - INTERNATIONAL STANDARD BOOK NUMBER
International Standard Book Number 9789694948195
082 ## - DEWEY DECIMAL CLASSIFICATION NUMBER
Classification number 629.895 HAS
100 ## - MAIN ENTRY--PERSONAL NAME
Personal name Hasnain , S.K ; Farhi, Lubna
245 #0 - TITLE STATEMENT
Title Programmable Logic Controller Laboratory Manual
250 ## - EDITION STATEMENT
Edition statement 1st
260 ## - PUBLICATION, DISTRIBUTION, ETC.
Place of publication, distribution, etc. Paramo
Name of publisher, distributor, etc. Paramount Publishing Enterprises
Date of publication, distribution, etc. ,2011.
300 ## - PHYSICAL DESCRIPTION
Extent 394p.
Other physical details 0
Type of unit Original
500 ## - GENERAL NOTE
General note Includes Index
600 ## - SUBJECT ADDED ENTRY--PERSONAL NAME
Personal name Electronic Engineering
650 ## - SUBJECT ADDED ENTRY--TOPICAL TERM
Topical term or geographic name entry element Technology
942 ## - ADDED ENTRY ELEMENTS (KOHA)
Koha item type Books
Holdings
Withdrawn status Lost status Damaged status Not for loan Collection Home library Current library Date acquired Source of acquisition Cost, normal purchase price Total checkouts Full call number Barcode Date last seen Price effective from Koha item type
        Electrical Engineering UITU Library UITU Library 05/08/2017 Paramount Book Pvt Ltd 1566.81   629.895 HAS Q11249 09/25/2024 09/25/2024 Books

Powered by Koha